| 000 | 00588nam a22002057a 4500 | ||
|---|---|---|---|
| 003 | OSt | ||
| 005 | 20140310182219.0 | ||
| 008 | 130909t xxu||||| |||| 00| 0 eng d | ||
| 020 | _a084034113X | ||
| 050 |
_aGN 357 _b.Y68 1986 |
||
| 082 |
_aHS 301 _bY8 1986 |
||
| 100 |
_aYoung, John A. _917254 |
||
| 245 |
_aFaces of culture : _bvideo study guide / _cJohn A. Young, Courtland L. Smith. |
||
| 260 |
_aDubuque, Iowa : _bKendall/Hunt, _cc1986. |
||
| 300 |
_a94 p. ; _c23 cm. |
||
| 541 | _g | ||
| 650 |
_a9721 _917255 |
||
| 700 |
_aSmith, Courtland L. _917256 |
||
| 942 |
_2lcc _cHS |
||
| 999 |
_c10684 _d10684 |
||